Text book of water supply & sanitary engineering (Record no. 12243)

000 -LEADER
fixed length control field 00520nam a22001937a 4500
001 - CONTROL NUMBER
control field 12243
003 - CONTROL NUMBER IDENTIFIER
control field BD-DhUET
008 - FIXED-LENGTH DATA ELEMENTS--GENERAL INFORMATION
fixed length control field 150225b xxu||||| |||| 00| 0 eng d
040 ## - CATALOGING SOURCE
Original cataloging agency DLC
Transcribing agency DLC
Modifying agency BD-DhUET
082 ## - DEWEY DECIMAL CLASSIFICATION NUMBER
Classification number 628
Item number SKH/1976
100 ## - MAIN ENTRY--PERSONAL NAME
Personal name S. K. Husain
245 ## - TITLE STATEMENT
Title Text book of water supply & sanitary engineering
250 ## - EDITION STATEMENT
Edition statement 2nd ed.
260 ## - PUBLICATION, DISTRIBUTION, ETC. (IMPRINT)
Place of publication, distribution, etc. New York
Name of publisher, distributor, etc. Oxford & IBM publishing
Date of publication, distribution, etc. 1976
300 ## - PHYSICAL DESCRIPTION
Extent xv, 884p.
Other physical details illus.
504 ## - BIBLIOGRAPHY, ETC. NOTE
Bibliography, etc Includes bibliographies
650 #0 - SUBJECT ADDED ENTRY--TOPICAL TERM
Topical term or geographic name as entry element Water-supply engineering
942 ## - ADDED ENTRY ELEMENTS (KOHA)
Koha item type General Book
Holdings
Shelving location Source of classification or shelving scheme Damaged status Koha normalized classification for sorting Koha item type Sublocation or collection (holding branch) Copy number Koha full call number Location (home branch) Koha date last seen Price effective from Lost status Withdrawn status Not for loan Date acquired Piece designation (barcode)
Circulation section  628_000000000000000_SKH_1976General BookCentral Library, BUET1628/SKH/1976Central Library, BUET2015-02-252015-02-25   2015-02-2542886
Circulation section  628_000000000000000_SKH_1976General BookCentral Library, BUET2628/SKH/1976Central Library, BUET2015-05-102015-05-10   2015-05-1053661
Reading section  628_000000000000000_SKH_1976Reading ItemCentral Library, BUET3628/SKH/1976Central Library, BUET2015-06-302015-06-30   2015-06-3042887